000
00216nam a22000857a 4500
999
_c
4751
_d
4751
008
161209b xxu||||| |||| 00| 0 eng d
020
_a
9788123902517
100
_9
1956
_a
Irodow
245
_a
Physics Problems in General
260
_a
New Delhi
_b
CBS
_c
2000